Analýza stupňov poskodenia murovaných domov na Slovensku vystavených seizmickým účinkom

Saved in:
Bibliographic Details
Main Author: Oravcová, Lucia (Author)
Other Authors: Sokol, Milan (Thesis advisor)
Format: Manuscript Book
Language:Slovak
Published: 2025
Subjects:
Online Access:http://is.stuba.sk/zp/portal_zp.pl?podrobnosti=181885
CRZP
Tags: Add Tag
No Tags, Be the first to tag this record!

MARC

LEADER 00000ntm a22000003a 4500
001 stuzp105353
003 SK-STU
005 20250729144216.9
007 ta
008 150427s2015----xo-----f-mn---000-0-slo-d
040 |a STU  |b slo 
041 0 |a slo 
100 1 |a Oravcová, Lucia  |u 010250  |4 aut  |U SvF Stavebná fakulta  |T SvF Katedra stavebnej mechaniky  |X 103652  |U V250  |Y 26  |7 103652 
242 0 1 |a Damage grade analysis of masonry buildings in Slovakia exposed to seismic effects  |y eng 
245 1 0 |a Analýza stupňov poskodenia murovaných domov na Slovensku vystavených seizmickým účinkom 
260 |c 2025 
650 4 |a masonry constructions  |2 eng 
650 4 |a vulnerability function  |2 eng 
650 4 |a damage grades  |2 eng 
650 4 |a capacity curve  |2 eng 
650 4 |a push-over analysis  |2 eng 
650 4 |a push-over analýza  |2 slo 
650 4 |a murované konštrukcie  |2 slo 
650 4 |a funkcia zraniteľnosti  |2 slo 
650 4 |a stupeň poškodenia  |2 slo 
650 4 |a kapacitná krivka  |2 slo 
700 1 |a Sokol, Milan  |u 010250  |k Z1  |4 ths  |U SvF Stavebná fakulta  |T SvF Katedra stavebnej mechaniky  |X 687  |U V250  |Y 26  |7 A000000687 
856 4 |u http://is.stuba.sk/zp/portal_zp.pl?podrobnosti=181885 
856 4 |u https://opac.crzp.sk/?fn=detailBiblioForm&sid=71F69C32541FA509336F71B0024D  |z CRZP